000 00488nam a2200181Ia 4500
005 20250508151146.0
008 008 250505s9999 xx 000 0 hin d
037 _aTextual
040 _aFEDL
_beng
_cFEDL
041 _ahin
_2hin
084 _a891.433, SAT
_qFEDL
100 _aSatyendra
245 0 _aPremchand : Unki kahani kala
260 _aAgra, India
_bSahitya Ratan Bhandaran
300 _a172p.
942 _cTEXL
_h891.433, SAT
999 _c1327961
_d1327961